Quiz z gwary poznańskiej - Statystyki

Ogólne statystyki
  • Ten quiz został rozwiązany 52 razy
  • Średni wynik to 15 z 19
Statystyki odpowiedzi
Zagadnienie Odpowiedź % Poprawnych
Bryle Okulary
98%
Pyry Ziemniaki
98%
Gzik Twaróg ze śmietaną i szczypiorkiem
96%
Szneka z glancem Drożdżówka z lukrem
94%
Sznytka Kanapka
92%
Bimba Tramwaj
92%
Wuchta Dużo
88%
Wiara Ludzie,grupa
88%
Tej! Ej!
83%
Bejmy Pieniądze
83%
Klunkry Graty
81%
Kejter Pies
75%
Bana Pociąg
75%
Drynda Taksówka/dorożka
71%
Szagówki Kluski ziemniaczane
67%
Ryczka Stołeczek
65%
Polewka Zupa
60%
Fifny Sprytny
44%
Facha Szczęście
19%
Nie znaleziono quizów pasujących do podanych kryteriów
Rozkład punktacji
Procent ludzi z każdym wynikiem
Percentyl według liczby udzielonych odpowiedzi
Twoja historia wyników
Nie rozwiązałeś tego quizu